The training of teachers in England and Wales, 1800-1975 /

Bibliographic Details
Main Author: Dent, H. C. (Harold Collett), 1894-1995
Format: Book
Language:English
Published: London : Hodder and Stoughton, [1977]
Subjects:

MARC

Tag First Indicator Second Indicator Subfields
LEADER 00000cam a2200000 i 4500
001 in00000624821
005 20151015050707.0
008 780531s1977 enk b 00110 eng
010 |a  78304206  
015 |a GB77-26975 
020 |a 034019751X :  |c 4.95. 
020 |a 0340197501 (pbk.) 
035 |a (OCoLC)04002689 
035 |9 ACT1505AM 
040 |a DLC  |c DLC  |d TXA  |d UtOrBLW 
043 |a e-uk-en  |a e-uk-wl 
049 |a TXAM  |c [1539312] 
050 0 0 |a LB1725.G6  |b D46 
082 0 |a 370/.71/0942 
100 1 |a Dent, H. C.  |q (Harold Collett),  |d 1894-1995. 
245 1 4 |a The training of teachers in England and Wales, 1800-1975 /  |c [by] H. C. Dent. 
264 1 |a London :  |b Hodder and Stoughton,  |c [1977] 
264 4 |c ©1977 
300 |a 7 unnumbered pages, 163 pages ;  |c 23 cm. 
336 |a text  |b txt  |2 rdacontent 
337 |a unmediated  |b n  |2 rdamedia 
338 |a volume  |b nc  |2 rdacarrier 
500 |a Includes index. 
504 |a Bibliography: page 157. 
650 0 |a Teachers  |x Training of  |z England  |x History. 
650 0 |a Teachers  |x Training of  |z Wales  |x History. 
999 |a MARS 
999 f f |s 77d718fb-5e6e-34f3-aa20-05f82f8c7cd2  |i 982f2237-c8c0-3a43-a72f-2020c8b08461  |t 0 
952 f f |p normal  |a Texas A&M University  |b College Station  |c Sterling C. Evans Library  |d Evans: Library Stacks  |t 0  |e LB1725.G6 D46  |h Library of Congress classification  |i unmediated -- volume  |m A14803274192 
998 f f |a LB1725.G6 D46  |t 0  |l Evans: Library Stacks